[Event "Wiesbaden op 31st"]
[Site "Wiesbaden"]
[Date "2019.08.23"]
[Round "2"]
[White "Rabiya, Karim"]
[Black "Schneider, Luca"]
[Result "1-0"]
[WhiteElo "1797"]
[BlackElo "1512"]
[PlyCount "37"]
[EventDate "2019.08.22"]
[EventType "swiss"]
[EventRounds "7"]
[EventCountry "GER"]
[SourceTitle "EXT 2020"]
[Source "ChessBase"]
[SourceDate "2019.10.17"]
[SourceVersion "1"]
[SourceVersionDate "2019.10.17"]
[SourceQuality "1"]

1. e4 Nf6 2. e5 Nd5 3. c4 Nb6 4. d4 d6 5. exd6 cxd6 6. Be3 Nc6 7. Nc3 g6 8. Rc1 Bg7 9. b3 0-0 10. Nf3 Bg4 11. Be2 e5 12. d5 Bxf3 13. Bxf3 Ne7 14. c5 dxc5 15. Bxc5 Rc8 16. b4 Re8 17. 0-0 f5 18. d6 Nc6 19. Bxb6 1-0

[Event "Wiesbaden op 29th"]
[Site "Wiesbaden"]
[Date "2017.08.25"]
[Round "2"]
[White "Reitz, Theresa"]
[Black "Schneider, Luca"]
[Result "1-0"]
[WhiteElo "1719"]
[BlackElo "1433"]
[PlyCount "57"]
[EventDate "2017.08.24"]
[EventType "swiss"]
[EventRounds "7"]
[EventCountry "GER"]
[SourceTitle "CBM 180 Extra"]
[Source "ChessBase"]
[SourceDate "2017.10.06"]
[SourceVersion "1"]
[SourceVersionDate "2017.10.06"]
[SourceQuality "1"]

1. e4 Nf6 2. e5 Nd5 3. d4 d6 4. exd6 cxd6 5. c4 Nb6 6. Nf3 Nc6 7. b3 g6 8. Bb2 Bg7 9. Qd2 0-0 10. Be2 Bf5 11. Na3 Qd7 12. Nc2 Rfe8 13. Ne3 e6 14. d5 Ne5 15. Nxe5 dxe5 16. g4 exd5 17. gxf5 d4 18. fxg6 dxe3 19. gxh7+ Kxh7 20. Qxe3 Bh6 21. Qc3 Rad8 22. Rd1 Qc7 23. Rg1 Rxd1+ 24. Kxd1 Rd8+ 25. Bd3+ f5 26. f3 e4 27. fxe4 fxe4 28. Qh8+ Rxh8 29. Bxe4# 1-0

[Event "Wiesbaden op 28th"]
[Site "Wiesbaden"]
[Date "2016.08.28"]
[Round "7"]
[White "Schneider, Luca"]
[Black "Stork, Christopher"]
[Result "1/2-1/2"]
[WhiteElo "1369"]
[BlackElo "1654"]
[PlyCount "48"]
[EventDate "2016.08.25"]
[EventType "swiss"]
[EventRounds "7"]
[EventCountry "GER"]
[SourceTitle "CBM 174 Extra"]
[Source "ChessBase"]
[SourceDate "2016.10.10"]
[SourceVersion "1"]
[SourceVersionDate "2016.10.10"]
[SourceQuality "1"]

1. Nf3 d5 2. c4 Nf6 3. cxd5 Nxd5 4. e4 Nb4 5. d4 c6 6. a3 N4a6 7. Bf4 e6 8. Nc3 Bd6 9. Bxd6 Qxd6 10. Bd3 c5 11. dxc5 Qxc5 12. Rc1 0-0 13. 0-0 Nc6 14. Ne2 Qe7 15. Ng3 Nc5 16. Be2 Rd8 17. Qc2 Nd7 18. Rfd1 Nf8 19. Rxd8 Qxd8 20. Rd1 Qb6 21. b4 Bd7 22. Bd3 Rc8 23. Qe2 a6 24. e5 Nd4 1/2-1/2

[Event "Wiesbaden op 27th"]
[Site "Wiesbaden"]
[Date "2015.08.29"]
[Round "5"]
[White "Lehmann, Wolfgang"]
[Black "Schneider, Luca"]
[Result "1-0"]
[WhiteElo "1605"]
[BlackElo "1377"]
[PlyCount "161"]
[EventDate "2015.08.27"]
[EventType "swiss"]
[EventRounds "7"]
[EventCountry "GER"]
[SourceTitle "EXT 2016"]
[Source "ChessBase"]
[SourceDate "2015.10.08"]
[SourceVersion "1"]
[SourceVersionDate "2015.10.08"]
[SourceQuality "1"]

1. d4 c6 2. Nf3 d6 3. Bf4 Bg4 4. e3 Qc7 5. Be2 Nd7 6. Nbd2 e5 7. dxe5 dxe5 8. Bg3 Ngf6 9. c3 Bd6 10. Nc4 Be7 11. Ncxe5 Nxe5 12. Bxe5 Qa5 13. Bxf6 Bxf6 14. 0-0 0-0 15. Qc2 Qh5 16. Nd4 Be5 17. g3 Bxd4 18. Bxg4 Qxg4 19. cxd4 Qf3 20. Qd1 Qxd1 21. Rfxd1 Rad8 22. Kf1 f5 23. Rd2 Rf6 24. Rad1 Rfd6 25. Ke2 Kf7 26. a3 a5 27. b4 b5 28. bxa5 Ra8 29. Rc2 Rxa5 30. Rc3 Ra6 31. Rdc1 g6 32. h4 h5 33. Kf3 Ke6 34. Kf4 Kf6 35. R1c2 Re6 36. Kf3 Rd6 37. Ke2 Ke6 38. f3 Kf6 39. Kd3 g5 40. hxg5+ Kxg5 41. Ke2 h4 42. gxh4+ Kxh4 43. Rc1 Kg5 44. Rg1+ Kf6 45. f4 Ke6 46. Rg6+ Kd5 47. Rxd6+ Kxd6 48. Kd3 Kd5 49. Rc5+ Ke6 50. Rc3 Rb6 51. e4 Ra6 52. e5 Rb6 53. Kc2 Ra6 54. Kd3 Rb6 55. Rc2 Ra6 56. Kd2 Kd5 57. Kd3 Rxa3+ 58. Rc3 Ra4 59. Rc5+ Ke6 60. Rxc6+ Kd7 61. Rb6 Kc7 62. Rf6 Kd7 63. Rxf5 Ra3+ 64. Kc2 b4 65. Rf6 Re3 66. Rb6 Re4 67. Rxb4 Rxf4 68. Kd3 Rg4 69. Rb6 Ke7 70. Kc4 Kd7 71. Kd5 Ke7 72. Rb7+ Kd8 73. e6 Ke8 74. Kc5 Rg6 75. d5 Kd8 76. Kd6 Kc8 77. Rh7 Rg8 78. Kc6 Kd8 79. d6 Kc8 80. Rf7 Kd8 81. e7+ 1-0

[Event "Wiesbaden op 27th"]
[Site "Wiesbaden"]
[Date "2015.08.27"]
[Round "1"]
[White "Klebs, Sebastian"]
[Black "Schneider, Luca"]
[Result "1-0"]
[WhiteElo "1890"]
[BlackElo "1377"]
[PlyCount "100"]
[EventDate "2015.08.27"]
[EventType "swiss"]
[EventRounds "7"]
[EventCountry "GER"]
[SourceTitle "EXT 2016"]
[Source "ChessBase"]
[SourceDate "2015.10.08"]
[SourceVersion "1"]
[SourceVersionDate "2015.10.08"]
[SourceQuality "1"]

1. e4 c5 2. Nf3 a6 3. c4 Nc6 4. Nc3 Qc7 5. Be2 g6 6. d4 cxd4 7. Nxd4 Bg7 8. Be3 d6 9. 0-0 Nf6 10. Rc1 e5 11. Nf3 Be6 12. Nd5 Qb8 13. Bb6 Bxd5 14. cxd5 Ne7 15. Qa4+ Kf8 16. Rc7 Qe8 17. Qxe8+ Rxe8 18. Bd3 Rb8 19. Rfc1 Ne8 20. R7c4 Bh6 21. R1c2 Bg7 22. g4 Bh6 23. Kg2 Bf4 24. Ba7 Rd8 25. Bb6 Rb8 26. h3 h6 27. Ng1 Bg5 28. Ne2 Bf6 29. Kg3 Bg7 30. h4 Bf6 31. Ba7 Ra8 32. Bb6 Rg8 33. Rc1 g5 34. h5 Bg7 35. R4c2 Bf6 36. b4 Kg7 37. a4 Kh7 38. a5 Bg7 39. Rc4 Rf8 40. Bb1 Rb8 41. Bd3 Bf6 42. Kg2 Kg8 43. Ng3 Ng7 44. Bc7 Rbc8 45. Bxd6 Rxc4 46. Rxc4 Rc8 47. Rxc8+ Nxc8 48. Bc5 Ne8 49. Nf5 Ng7 50. Nxh6+ Kh7 1-0

[Event "Hessen-ch U17 op"]
[Site "Bad Homburg"]
[Date "2015.04.03"]
[Round "7"]
[White "Schneider, Luca"]
[Black "Glaesser, Leonhard"]
[Result "1-0"]
[WhiteElo "1194"]
[BlackElo "1403"]
[PlyCount "55"]
[EventDate "2015.03.30"]
[EventType "swiss"]
[EventRounds "7"]
[EventCountry "GER"]
[SourceTitle "EXT 2017"]
[Source "ChessBase"]
[SourceDate "2016.10.25"]
[SourceVersion "1"]
[SourceVersionDate "2016.10.25"]
[SourceQuality "1"]

1. Nf3 b5 2. d4 Nc6 3. Bf4 e6 4. c3 Bb7 5. Nbd2 a6 6. e4 b4 7. Rb1 a5 8. a3 Nf6 9. h3 d5 10. Bg5 Be7 11. e5 Nd7 12. Bf4 Nb6 13. Qc2 0-0 14. Bd3 g6 15. Bh6 Re8 16. h4 Bf8 17. Bg5 Ne7 18. Bf6 Qc8 19. h5 Nf5 20. hxg6 fxg6 21. g4 Ne7 22. Ng5 Bg7 23. Bxg7 Kxg7 24. Rxh7+ Kg8 25. Bxg6 Rd8 26. Bf7+ Kf8 27. Rh8+ Kg7 28. Qh7# 1-0

[Event "Hessen-ch U17 op"]
[Site "Bad Homburg"]
[Date "2015.04.02"]
[Round "6"]
[White "Schneider, Luca"]
[Black "Rudolph, Sebastian"]
[Result "1-0"]
[WhiteElo "1194"]
[BlackElo "1175"]
[PlyCount "139"]
[EventDate "2015.03.30"]
[EventType "swiss"]
[EventRounds "7"]
[EventCountry "GER"]
[SourceTitle "EXT 2017"]
[Source "ChessBase"]
[SourceDate "2016.10.25"]
[SourceVersion "1"]
[SourceVersionDate "2016.10.25"]
[SourceQuality "1"]

1. Nf3 Nc6 2. c4 e5 3. d4 d6 4. dxe5 dxe5 5. Qxd8+ Kxd8 6. Nc3 Be6 7. e4 Bd6 8. Ng5 Nd4 9. Bd3 f6 10. Nxe6+ Nxe6 11. a3 Ne7 12. 0-0 Ke8 13. Nd5 c6 14. Ne3 Kf7 15. b4 Rad8 16. Rd1 b6 17. a4 c5 18. b5 Rhf8 19. a5 Ra8 20. Bc2 Nd4 21. Bd3 Nb3 22. Ra3 Nxa5 23. Bd2 Nb7 24. Nf5 Nxf5 25. exf5 Rfd8 26. Bc3 e4 27. Be2 Be5 28. Bxe5 Rxd1+ 29. Bxd1 fxe5 30. f3 Na5 31. fxe4 Nxc4 32. Bb3 Kf6 33. Bxc4 Rd8 34. Rxa7 Rd4 35. Rf7+ Kg5 36. Rxg7+ Kh6 37. Rb7 Rxc4 38. Rxb6+ Kg7 39. Rc6 Rxe4 40. Rxc5 Kf6 41. Rc7 Rb4 42. Rc6+ Kxf5 43. Rc5 Kf4 44. Kf2 Rb2+ 45. Kf1 e4 46. Kg1 Ke3 47. h3 Rb3 48. Rg5 Kd2 49. Rd5+ Rd3 50. Rxd3+ exd3 51. b6 Kc2 52. b7 d2 53. b8Q d1Q+ 54. Kh2 Qd3 55. Qc7+ Kd2 56. Qa5+ Ke3 57. Qc7 Kd2 58. Qf4+ Kc2 59. Qf2+ Kc3 60. Qg3 Qxg3+ 61. Kxg3 Kd4 62. Kf4 h5 63. Kg5 Ke5 64. Kxh5 Kf5 65. g4+ Kf6 66. Kh6 Kf7 67. Kh7 Kf6 68. h4 Kf7 69. g5 Kf8 70. g6 1-0

[Event "Hessen-ch U17 op"]
[Site "Bad Homburg"]
[Date "2015.03.30"]
[Round "3"]
[White "Schneider, Soenke"]
[Black "Schneider, Luca"]
[Result "1/2-1/2"]
[WhiteElo "968"]
[BlackElo "1194"]
[PlyCount "118"]
[EventDate "2015.03.30"]
[EventType "swiss"]
[EventRounds "7"]
[EventCountry "GER"]
[SourceTitle "EXT 2017"]
[Source "ChessBase"]
[SourceDate "2016.10.25"]
[SourceVersion "1"]
[SourceVersionDate "2016.10.25"]
[SourceQuality "1"]

1. e4 Nf6 2. Nc3 e6 3. Nf3 Bb4 4. d3 c5 5. Bd2 a6 6. a3 Ba5 7. Be2 Nc6 8. 0-0 0-0 9. Be3 Bxc3 10. bxc3 b6 11. c4 Qc7 12. h3 Bb7 13. Qd2 Rad8 14. Bg5 Ne5 15. Nxe5 Qxe5 16. Bf4 Nxe4 17. Bxe5 Nxd2 18. Rfd1 f6 19. Bg3 d5 20. Rxd2 dxc4 21. Rdd1 cxd3 22. Bxd3 f5 23. Be2 b5 24. Bd6 Rf7 25. Bxc5 Rxd1+ 26. Rxd1 Rc7 27. Rd8+ Kf7 28. Bb4 Rxc2 29. Bf3 Bxf3 30. gxf3 g5 31. Rd6 Rc7 32. Rxa6 Rd7 33. Kg2 h5 34. Rb6 Rd5 35. Rc6 Rd7 36. Rc3 Kf6 37. Rb3 Rd5 38. Bc3+ Kf7 39. Bb2 Kg6 40. Bc1 Rd8 41. Be3 Rd5 42. f4 g4 43. Rb4 h4 44. a4 bxa4 45. Rxa4 Kf6 46. Ra8 Kg7 47. Ra1 Kf6 48. Rh1 g3 49. fxg3 Rd3 50. Re1 hxg3 51. Kxg3 e5 52. fxe5+ Kxe5 53. Kf2 f4 54. Bc1+ Kf5 55. Rg1 Rxh3 56. Rf1 Kg4 57. Bxf4 Rf3+ 58. Ke2 Rxf4 59. Rxf4+ Kxf4 1/2-1/2

[Event "Wiesbaden op 26th"]
[Site "Wiesbaden"]
[Date "2014.08.30"]
[Round "5"]
[White "Schneider, Luca"]
[Black "Giesselbach, Christian"]
[Result "1-0"]
[WhiteElo "1107"]
[BlackElo "1147"]
[PlyCount "53"]
[EventDate "2014.08.28"]
[EventType "swiss"]
[EventRounds "7"]
[EventCountry "GER"]
[SourceTitle "CBM 162 Extra"]
[Source "ChessBase"]
[SourceDate "2014.10.17"]
[SourceVersion "1"]
[SourceVersionDate "2014.10.17"]
[SourceQuality "1"]

1. Nf3 d5 2. c4 Nf6 3. d4 c6 4. Nc3 e6 5. c5 Be7 6. b4 0-0 7. a4 b6 8. a5 bxa5 9. bxa5 Ba6 10. Bf4 Nbd7 11. g3 Nh5 12. Be5 Nxe5 13. Nxe5 Qc7 14. Qa4 Bxc5 15. dxc5 Qxe5 16. Rc1 d4 17. Na2 d3 18. Qxc6 Qb2 19. Qxa6 Qxa2 20. exd3 Rab8 21. Bg2 Rb2 22. 0-0 Rc2 23. Qxa7 Rc8 24. c6 Rxc1 25. Rxc1 Qa3 26. Rb1 Rxc6 27. Rb8+ 1-0

[Event "GER-chT U10"]
[Site "Magdeburg"]
[Date "2013.12.28"]
[Round "3.4"]
[White "Schneider, Luca"]
[Black "Telesh, Volodymyr"]
[Result "1-0"]
[WhiteElo "600"]
[BlackElo "768"]
[PlyCount "115"]
[EventDate "2013.12.27"]
[EventType "team-swiss"]
[EventRounds "5"]
[EventCountry "GER"]
[SourceTitle "EXT 2015"]
[Source "ChessBase"]
[SourceDate "2014.11.20"]
[SourceVersion "1"]
[SourceVersionDate "2014.11.20"]
[SourceQuality "1"]
[WhiteTeam "Leipzig Gruen Weiss II"]
[BlackTeam "Magdeburg Schachzwerge III"]
[WhiteTeamCountry "GER"]
[BlackTeamCountry "GER"]

1. e4 e5 2. Nf3 Nc6 3. Nc3 Nf6 4. Bc4 Bc5 5. d3 d6 6. Bg5 Bg4 7. 0-0 0-0 8. a3 Qd7 9. b4 Bb6 10. b5 Na5 11. Ba2 c6 12. a4 Bc7 13. Bd2 b6 14. Ng5 d5 15. Qc1 h6 16. exd5 cxd5 17. Nxd5 Nxd5 18. c4 Nf6 19. Bb4 Rfe8 20. c5 Nb7 21. Bxf7+ Kf8 22. c6+ Qd6 23. Bxd6+ Bxd6 24. cxb7 Rab8 25. Bxe8 Kxe8 26. Qc6+ Ke7 27. d4 hxg5 28. dxe5 Bxe5 29. h3 Bd7 30. Qc1 Bf4 31. Qe1+ Be6 32. g3 Bd6 33. Rd1 Bc5 34. Qe2 Rxb7 35. Rde1 Kd6 36. Qxe6+ Kc7 37. Qf7+ Nd7 38. Qxg7 Bf8 39. Qxg5 Bb4 40. Rc1+ Bc5 41. Qf4+ Kd8 42. Qe4 Rc7 43. Qg6 Nf8 44. Rcd1+ Rd7 45. Qf6+ Be7 46. Qc6 Ke8 47. Rd5 Kf7 48. Rxd7 Nxd7 49. Qxd7 Kf6 50. Re1 Bb4 51. Qd4+ Kf5 52. Qd5+ Kf6 53. Qe6+ Kg7 54. Re5 Bf8 55. Qf5 Bd6 56. Re6 Bb4 57. Rg6+ Kh7 58. Qh5# 1-0

[Event "Hessen-ch U12"]
[Site "Bad Homburg"]
[Date "2013.??.??"]
[Round "8"]
[White "Schneider, Luca"]
[Black "Tychyna, Violetta"]
[Result "0-1"]
[WhiteElo "757"]
[BlackElo "866"]
[PlyCount "96"]
[EventDate "2013.03.??"]
[EventType "swiss"]
[EventRounds "9"]
[EventCountry "GER"]
[SourceTitle "EXT 2014"]
[Source "ChessBase"]
[SourceDate "2013.11.20"]
[SourceVersion "1"]
[SourceVersionDate "2013.11.20"]
[SourceQuality "1"]

1. e3 e5 2. Nc3 d5 3. Nf3 e4 4. Ne5 Bd6 5. d4 Bxe5 6. dxe5 Nc6 7. Bb5 Bd7 8. 0-0 Nxe5 9. Bxd7+ Qxd7 10. Qd4 f6 11. Nxd5 0-0-0 12. Qxa7 Qxd5 13. b3 Nc6 14. Qa4 Qd1 15. Bb2 Qxc2 16. Qa3 Qd3 17. Rfe1 Nh6 18. Qa4 Qd5 19. b4 Qg5 20. Rf1 Nf5 21. f4 Qg6 22. Rf2 Nxe3 23. Qb3 Rd3 24. Qe6+ Kb8 25. Qh3 Rhd8 26. g3 Rd1+ 27. Rxd1 Rxd1+ 28. Rf1 Rxf1+ 29. Qxf1 Nxf1 30. Kxf1 Nxb4 31. a3 e3 32. axb4 Qh6 33. h4 Qg6 34. Ke2 Qxg3 35. Bd4 Qxf4 36. Bxe3 Qxh4 37. b5 Qc4+ 38. Kf3 Qxb5 39. Kf4 g5+ 40. Kg4 Qe2+ 41. Kf5 Qxe3 42. Kg4 c5 43. Kh5 c4 44. Kg4 c3 45. Kf5 c2 46. Kxf6 c1Q 47. Kg7 Qe7+ 48. Kh6 Qh1# 0-1